Statistics for Top 15 Countries with Covid-19 Deaths - 5 July

Click here to take the quiz!

General Stats

  • This quiz has been taken 22 times
  • The average score is 15 of 19

Answer Stats

country% Correct
United States
100%
Brazil
95%
Germany
95%
France
91%
India
91%
Italy
86%
Russia
86%
United Kingdom
86%
Mexico
82%
Spain
82%
Sweden
82%
Canada
77%
Belgium
68%
Iran
68%
Netherlands
68%
Chile
64%
Peru
64%
Ecuador
41%
Ireland
41%

Score Distribution

Percentile by Number Answered

Percent of People with Each Score

Your Score History

You have not taken this quiz